000
00262nam a22001217a 4500
082
_a
346.022 KOS
100
_a
Koshuma.M.M.H
245
_a
The law of Contract
260
_a
Dar es salaam
_c
1983
300
_a
70pg
_b
32cm
650
_a
Students guide
942
_c
BK
999
_c
18168
_d
18168